| 000 | 00836cam a2200277 a 4500 | ||
|---|---|---|---|
| 001 | 16242169 | ||
| 005 | 20180119080910.0 | ||
| 008 | 100519s2012 nyuab 001 0 eng | ||
| 010 | _a 2010020431 | ||
| 020 | _a9780073403472 (hard copy : alk. paper) | ||
| 020 | _a0073403474 (hard copy : alk. paper) | ||
| 020 | _a9780071315548 (pbk.) | ||
| 020 | _a0071315543 (pbk.) | ||
| 035 | _a(OCoLC)ocn624555953 | ||
| 040 |
_aDLC _cDLC _dYDX _dYDXCP _dBWX _dSINIE _dTWJ _dDLC |
||
| 041 | _aeng | ||
| 080 | _a570 | ||
| 082 | 0 | 0 |
_a570 HOE _222 |
| 100 | 1 | _a11 | |
| 101 | _aBIO | ||
| 245 | 1 | 0 |
_aBiology : _cMariƫlle Hoefnagels. |
| 504 | _aIncludes index. | ||
| 906 |
_a7 _bcbc _corignew _d1 _eecip _f20 _gy-gencatlg |
||
| 942 |
_2ddc _cBK |
||
| 999 |
_c40598 _d40598 |
||